LEADER 05935nam 2200865Ia 450 001 9910960986103321 005 20251116152735.0 010 $a1-136-55007-0 010 $a1-280-47631-1 010 $a9786610476312 010 $a1-84977-357-2 010 $a600-00-0095-2 010 $a1-4237-0902-0 024 7 $a10.4324/9781849773577 035 $a(CKB)1000000000242822 035 $a(EBL)430193 035 $a(OCoLC)808801582 035 $a(SSID)ssj0000260679 035 $a(PQKBManifestationID)11937428 035 $a(PQKBTitleCode)TC0000260679 035 $a(PQKBWorkID)10224609 035 $a(PQKB)11686419 035 $a(OCoLC)647501936 035 $a(MiAaPQ)EBC430193 035 $a(Au-PeEL)EBL430193 035 $a(CaPaEBR)ebr10128898 035 $a(CaONFJC)MIL47631 035 $a(OCoLC)60706945 035 $a(EXLCZ)991000000000242822 100 $a20050630d2005 uy 0 101 0 $aeng 135 $aur|n|---||||| 181 $ctxt 182 $cc 183 $aco 200 00$aToward universal primary education $einvestments, incentives, and institutions /$fLead authors: Nancy Birdsall and Amina Ibrahim (Coordinators), Ruth Levine 205 $a1st ed. 210 $aLondon ; Sterling, Va. $cEarthscan$dc2005 215 $a1 online resource (203 p.) 300 $aSponsored by the United Nations Development Programme on behalf of the UN Development Group. 311 08$a1-138-47189-5 311 08$a1-84407-221-5 320 $aIncludes bibliographical references (p. [167]-183). 327 $aToward universal primary education: investments, incentives, and institutions; Copyright; Foreword; Contents; Task force members; Preface; Acknowledgements; Abbreviations; Millennium Development Goals; Executive summary; Part 1 Setting the stage; Chapter 1 The task force's contribution; Task force methods; Audience and organization of the report; The contribution of the task force; Chapter 2 Education and society: multiple benefits, unrealized potential; Education is society's main instrument for reproducing itself and can be a key ingredient for social change 327 $aEducation is an end in itself and has tremendous benefits for individuals and societyThe benefits of education are conditioned by the context; Chapter 3 The Goals and the history of goal-setting in education; Chapter 4 Trends in primary education and gender parity; A host of factors affect enrollment and retention rates; Learning achievement needs to be measured; Conclusions and future prospects; Part 2 Education systems in developing countries: income, institutions, and incentives; Chapter 5 Education systems in developing countries 327 $aHigh-performing educational systems can achieve results even with limited resourcesCountries with low-performing systems need to address a variety of governance problems; Conclusion; Chapter 6 Strategies for creating more and better educational opportunities; Strategy 1: get out-of-school children into school; Strategy 2: create better institutions, increase transparency, and provide better incentives; Chapter 7 Financing the education Goals; Part 3 Forging an international compact for education: roles and responsibilities of donors and developing countries 327 $aChapter 8 A global compact for basic educationChapter 9 What donors should do; Recommendation 1: support bold political leadership and provide firm financial commitments to make Education for All and the Fast Track Initiative work; Recommendation 2: reform the donor business; Recommendation 3: use a transparent accountability framework for reporting; Recommendation 4: invest in genuine evaluation; Chapter 10 A call to action; Appendixes; Appendix 1. Commissioned papers for educational report 327 $aAppendix 2. Summary of the civil society e-discussion on the education report of the Task Force on Education and Gender EqualityAppendix 3. Success stories in policy interventions toward high quality universal primary education; Appendix 4. Data issues; Appendix 5. Major initiatives that promote the Millennium Development Goals on education and gender equality; Appendix 6. Need for postprimary education; Notes; References 330 $aThe Millennium Development Goals, adopted at the UN Millennium Summit in 2000, are the world's targets for dramatically reducing extreme poverty in its many dimensions by 2015?income poverty, hunger, disease, exclusion, lack of infrastructure and shelter?while promoting gender equality, education, health and environmental sustainability. These bold goals can be met in all parts of the world if nations follow through on their commitments to work together to meet them. Achieving the Millennium Development Goals offers the prospect of a more secure, just, and prosperous world for all. The UN Mi 517 1 $aOn title page: UN Millennium Project 2005, Task Force on Education and Gender Equality 517 3 $aUN Millennium Project 2005 517 3 $aTask Force on Education and Gender Equality 606 $aEducation, Elementary$zDeveloping countries 606 $aEducation, Primary$zDeveloping countries 606 $aEducation$zDeveloping countries 606 $aEducational equalization$zDeveloping countries 615 0$aEducation, Elementary 615 0$aEducation, Primary 615 0$aEducation 615 0$aEducational equalization 676 $a372.0115 676 $a372.91724 686 $a81.74$2bcl 701 $aBirdsall$b Nancy$0923750 701 $aLevine$b Ruth$f1959-$01875230 701 $aIbrahim$b Amina$01875231 712 02$aUN Millennium Project. 712 02$aUN Millennium Project.$bTask Force on Education and Gender Equality. 801 0$bMiAaPQ 801 1$bMiAaPQ 801 2$bMiAaPQ 906 $aBOOK 912 $a9910960986103321 996 $aToward universal primary education$94486181 997 $aUNINA LEADER 05732oam 2200829 c 450 001 9910425154603321 005 20260302090207.0 024 3 $a9783966659949 035 $a(CKB)4100000011610431 035 $a(Budrich Academic Press)9783966659949 035 $a(Perlego)2690774 035 $a(MiAaPQ)EBC30196420 035 $a(Au-PeEL)EBL30196420 035 $a(Barbara Budrich Academic Press GmbH)9783966659949 035 $a(EXLCZ)994100000011610431 100 $a20260302h20202021 uy 0 101 0 $ager 135 $aur||#|||||||| 181 $ctxt$2rdacontent 182 $cc$2rdamedia 183 $acr$2rdacarrier 200 10$aStrategische Partnerschaften in der Außenpolitik $eDie Beziehungen zwischen Russland und Ländern Lateinamerikas im 21. Jahrhundert /$fAlexandra Sitenko 205 $a1st ed. 210 $aLeverkusen$cBarbara Budrich Academic Press GmbH$d2020 210 $d2020, c2021 215 $a1 online resource (378 pages) $cdigital file(s) 311 08$a9783966650243 311 08$a396665024X 311 08$a9783966659949 311 08$a3966659948 320 $aIncludes bibliographical references. 327 $a1.Einleitung - Die Weltpolitik im 21.Jahrhundert 2.Forschungsstand und theoretische Konzepte 2.1.Forschung zu den russisch-lateinamerikanischen Beziehungen 2.1.2. Das geopolitische Argument als Konstante 2.1.3. Einflussfaktoren in den Beziehungen Sowjetunion-Lateinamerika 2.2. ?StrategischePartnerschaft?: Ursprung, Bedeutung, Definition 2.3. Die räumliche Perspektive und der geopolitische Forschungsansatz 2.3.1. Geopolitische Ansätze in Russland und Lateinamerika 2.3.2. Der multidimensionale geopolitische Forschungsansatz 2.3.3. Kritik und Ergänzung 2.3.4. Globalisierung, Staat und historische Erfahrungen 2.3.5. Zusammenfassung 3. Forschungsdesign 3.1. Fallauswahl 3.2. Geopolitische Potenziale: eine Auswahl 3.3. Methodik: Process research und narrative Analyse 3.4. Datensammlung und Datenauswertung 3.5. Untersuchungszeitraum 4. Geopolitische Veränderungen in Lateinamerika im 21. Jahrhundert 5. Etablierung von strategischen Partnerschaften 5.1. Russlands geopolitische Potenziale 5.1.1. Globale Potenziale Russlands 5.1.2. Nationale Potenziale Russlands 5.2. Russland-Brasilien 5.2.1. Globale Potenziale Brasiliens 5.2.2. Implikationen für die russisch-brasilianische strategische Partnerschaft 5.2.3. Nationale Potenziale Brasiliens 5.2.4. Implikationen für die strategische Partnerschaft Russland-Brasilien 5.2.5. Subtile Präsenz historischer Erfahrungen 5.2.6. Zusammenfassung der Ergebnisse 5.3. Russland?Ecuador 5.3.1. Globale Potenziale Ecuadors 5.3.2. Implikationen für die russisch-ecuadorianische strategische Partnerschaft 5.3.3. Nationale Potenziale Ecuadors 5.3.4. Implikationen für die strategische Partnerschaft Russland-Ecuador 5.3.5. Die positive Rolle historischer Erfahrungen 5.3.6. Zusammenfassung der Ergebnisse 5.4. Russland-Kuba 5.4.1. Globale Potenziale Kubas 5.4.2. Implikationen für die russisch-kubanische strategische Partnerschft 5.4.3. Nationale Potenziale Kubas 5.4.4. Implikationen für die strategische Partnerschaft Russland-Kuba 5.4.5. Gemeinsame Historie als Fundament der strategischen Partnerschaft? 5.4.6. Zusammenfassung der Ergebnisse 6. Länderpaarvergleich: empirische Befunde 7. Schlussbetrachtungen 8. Literaturverzeichnis 330 $aRussland sei nach Lateinamerika zurückgekehrt, stellte der damalige Präsident Medwedew 2010 fest. Wie diese Intensivierung der Beziehungen zwischen Russland und drei Ländern Lateinamerikas ? Ecuador, Kuba und Brasilien ? zustande kam, untersucht die Studie anhand eines multidimensionalen geopolitischen Ansatzes. Basierend auf Erkenntnissen aus der praktischen Politik und akademischen Arbeiten liefert die Autorin eine Definition für das bis dato vage Konzept ?strategische Partnerschaft? und zeichnet mithilfe einer prozessorientierten Methode die Entwicklung dieser Partnerschaften im Zeitraum 1992-2017 nach. Russia returned to Latin America, former President Medvedev said in 2010. The study uses a multidimensional geopolitical approach to examine how this intensification of relations between Russia and three Latin American countries, Ecuador, Cuba and Brazil, came about. Based on findings from practical politics and academic work, the author provides a definition of the hitherto vague concept of 'strategic partnership' and traces the development of these partnerships in the period 1992-2017 using a process-oriented method. 606 $aAußenpolitik 606 $aforeign policy 606 $ageopolitics 606 $aGeopolitik 606 $asecurity policy 606 $aSicherheitspolitik 606 $ainternational relations 606 $aInternationale Beziehungen 606 $aLateinamerika 606 $aRussia 606 $aEcuador 606 $aLatin America 606 $aKuba 606 $aBrasilien 606 $aCuba 606 $aBrazil 615 4$aAußenpolitik 615 4$aforeign policy 615 4$ageopolitics 615 4$aGeopolitik 615 4$asecurity policy 615 4$aSicherheitspolitik 615 4$ainternational relations 615 4$aInternationale Beziehungen 615 4$aLateinamerika 615 4$aRussia 615 4$aEcuador 615 4$aLatin America 615 4$aKuba 615 4$aBrasilien 615 4$aCuba 615 4$aBrazil 676 $a947.086 700 $aSitenko$b Alexandra$cDr.$4aut$01207071 801 2$bUkMaJRU 906 $aBOOK 912 $a9910425154603321 996 $aStrategische Partnerschaften in der Außenpolitik$92784396 997 $aUNINA